| 000 | 00981cam a2200193 i 4500 | ||
|---|---|---|---|
| 005 | 20251113095345.0 | ||
| 008 | 250721s1998 ld grc 000 0 ara d | ||
| 082 | 1 | 4 |
_a213 _bش و ك |
| 100 | 1 |
_aالشوكاني، محمد بن علي بن محمد _dالمتوفي سنة 1255 ه، _eمؤلف. |
|
| 245 | 1 | 0 |
_aفهارس نيل الأوطار : _bشرح الأخبار من أحاديث سيد الأخبار / _cالامام المجتهد العلامة محمد بن علي الشوكاني ؛ تقديم و تقريظ و تعريف فضيلة الاستاذ الدكتور وهبة الزحيلي. |
| 250 | _aالطبع الثانية،جديدة مصححة و منقحة و مذيلة بفهارس شاملة. | ||
| 264 | 3 | 1 |
_aبيروت : _bدار الخير، _c1998. |
| 300 | _a276 صفحة. | ||
| 650 | 1 | 7 | _aالإسلام. |
| 650 | 1 | 7 | _aالحديث النبوي. |
| 700 | 1 |
_aالزحيلي، وهبه _eمقدم. |
|
| 942 |
_2ddc _cREF |
||
| 999 |
_c26486 _d26486 |
||